[Event "HCL-A2543"]
[Site "www.playchess.de"]
[Date "2006.01.11"]
[Round "20"]
[White "GCP"]
[Black "mrchess"]
[WhiteElo "1451"]
[BlackElo "1503"]
[PlyCount "75"]
[Result "1-0"]

1.e4 {hi}  c5 {hello}  2.c3 d6 3.d4 cxd4 4.cxd4 d5 
5.exd5 Qxd5 6.Nc3 Qd8 7.Bb5+ Bd7 8.Bxd7+ Qxd7 
9.Nf3 e6 10.Ne5 Qd8 11.Qf3 Qe7 12.O-O g6 13.Rd1 
Bg7 14.Bf4 Nf6 15.Bg5 h6 16.Bxf6 Bxf6 17.Ng4 Bg7 
18.Qh3 Qb4 19.a3 Qe7 20.d5 Nd7 21.Rde1 e5 22.Rad1 
h5 23.Ne3 O-O 24.d6 Qe6 25.Qxe6 fxe6 26.Nb5 Rac8 
27.Nc7 Rf6 28.Nc4 Rcf8 29.f3 Kf7 30.Nxe5+ Nxe5 
31.Rxe5 Rf4 32.Rxe6 Rc4 33.Re7+ Kf6 34.Rxg7 Kxg7 
35.Ne6+ Kf7 36.Nxf8 Ke8 37.d7+ Kd8 
38.Ne6+ 1-0

[Event "HCL-B3761"]
[Site "www.playchess.de"]
[Date "2006.01.11"]
[Round "1"]
[White "Rale"]
[Black "Roy_the_Sealed_Sword"]
[WhiteElo "1300"]
[BlackElo "1500"]
[PlyCount "41"]
[Result "1-0"]

1.d4 e6 2.e4 Nh6 3.Nf3 Qf6 4.Nc3 g5 5.Bxg5 Qg6 
6.e5 a5 7.Bd3 Qh5 8.Ne4 f6 9.Nxf6+ Ke7 10.Nxh5+ 
Kf7 11.Nh4 Bb4+ 12.c3 Be7 13.Qf3+ Ke8 14.Nf6+ Kf7 
15.Bxh6 b5 16.Nd5+ Ke8 17.Nxe7 Ra6 18.Nhg6 hxg6 
19.Bxg6+ Kd8 20.Qf6 Rxh6 21.Qf8+ 1-0

[Event "HCL-C3949"]
[Site "www.playchess.de"]
[Date "2006.01.11"]
[Round "8"]
[White "Cubandiavolo"]
[Black "zemljanin"]
[WhiteElo "800"]
[BlackElo "1393"]
[PlyCount "46"]
[Result "0-1"]

1.e4 c5 2.Nf3 d6 3.d4 cxd4 4.Nxd4 g6 5.Be3 Bg7 
6.Nc3 a6 7.Qd2 b5 8.a4 b4 9.Nd5 e6 10.Nxb4 Ne7 
11.Be2 a5 12.Na2 Bd7 13.Nc3 O-O 14.Rd1 Nbc6 
15.Ndb5 d5 16.exd5 Nb4 17.dxe6 Bxe6 18.Bc5 Qxd2+ 
19.Rxd2 Nbc6 20.Bf3 Rac8 21.Bxc6 Rxc6 22.Bxe7 Re8 
23.Rd8 Rxd8 0-1

[Event "HCL-E1502"]
[Site "www.playchess.de"]
[Date "2006.01.11"]
[Round "31"]
[White "pkchess"]
[Black "Tarrega"]
[WhiteElo "1660"]
[BlackElo "1509"]
[PlyCount "85"]
[Result "1-0"]

1.e4 e6 2.d4 d5 3.e5 c5 4.c3 Nc6 5.f4 Qb6 6.Nf3 
Nh6 7.Bd3 Bd7 8.Bc2 cxd4 9.Nxd4 Nxd4 10.Qxd4 Bc5 
11.Qd1 Bf2+ 12.Kf1 Nf5 13.Bxf5 exf5 14.Na3 O-O 
15.Qf3 Bc5 16.b4 Qa6+ 17.Qe2 Qxe2+ 18.Kxe2 Bb6 
19.Be3 Bxe3 20.Kxe3 Rac8 21.Rac1 a6 22.Rhd1 Bc6 
23.c4 dxc4 24.Nxc4 Bxg2 25.Nd6 Rxc1 26.Rxc1 Bd5 
27.a3 g6 28.Rc7 Rb8 29.Kd4 Be6 30.Nxb7 h6 31.h4 
Kf8 32.Kc5 Ke8 33.Nd6+ Kd8 34.Ra7 g5 35.fxg5 hxg5 
36.hxg5 f4 37.Nxf7+ Ke8 38.Nd6+ Kf8 39.Kd4 f3 
40.Ke3 Bd5 41.Rxa6 Ke7 42.Nf5+ Kd7 
43.Rd6+ 1-0

[Event "HCL-A2553"]
[Site "www.playchess.de"]
[Date "2006.01.11"]
[Round "10"]
[White "pawnstorm"]
[Black "Chas"]
[WhiteElo "1555"]
[BlackElo "1439"]
[PlyCount "46"]
[Result "0-1"]

1.d4 d5 2.Bf4 f6 3.e3 e6 4.c3 Bd6 5.Nd2 Bxf4 
6.exf4 Qd6 7.g3 Ne7 8.Ngf3 Nbc6 9.Bg2 e5 10.fxe5 
fxe5 11.dxe5 Nxe5 12.O-O Nd3 13.Qb3 c5 14.Rad1 c4 
15.Nxc4 dxc4 16.Qxc4 Nxb2 17.Qb5+ Qc6 18.Qxb2 O-O 
19.Ne5 Qc7 20.Qb3+ Kh8 21.Nf7+ Kg8 22.Nh6+ Kh8 
23.Qg8+ Nxg8 0-1

[Event "HCL-B3630"]
[Site "www.playchess.de"]
[Date "2006.01.11"]
[Round "8"]
[White "eagle22"]
[Black "Roc"]
[WhiteElo "1528"]
[BlackElo "1200"]
[PlyCount "67"]
[Result "1-0"]

1.b4 d5 2.Nf3 f6 3.d4 b5 4.e3 Bg4 5.Bxb5+ c6 6.Ba4 
Bxf3 7.Qxf3 Qb6 8.a3 a5 9.Bb3 e6 10.Bb2 axb4 11.a4 
c5 12.e4 cxd4 13.exd5 Ne7 14.d6 Qc6 15.dxe7 Kxe7 
16.Qxc6 Nxc6 17.O-O e5 18.Re1 Na5 19.Nd2 Kd6 
20.Rad1 f5 21.Nc4+ Nxc4 22.Bxc4 Rc8 23.Bb3 Kc5 
24.Rxe5+ Kc6 25.Bxd4 Bd6 26.Rb5 Rcb8 27.Bd5+ Kd7 
28.Ra5 Rhc8 29.Bb3 g6 30.Be5 Rc6 31.Ra7+ Kc8 
32.Be6+ Kd8 33.Bxd6 Rxc2 34.Bxb8+ 1-0

[Event "HCL-A2523"]
[Site "www.playchess.de"]
[Date "2006.01.11"]
[Round "6"]
[White "SMA"]
[Black "mrchess"]
[WhiteElo "1005"]
[BlackElo "1434"]
[PlyCount "67"]
[Result "1-0"]

1.e4 c5 {good luck}  2.Nf3 Nc6 3.d4 cxd4 4.Nxd4 d6 
5.c4 Nf6 6.Nc3 g6 7.f3 Bg7 8.Nc2 O-O 9.Be3 Nd7 
10.Be2 Bxc3+ 11.bxc3 Nb6 12.O-O Ne5 13.Bh6 Re8 
14.Qd4 f6 15.c5 dxc5 16.Qxc5 Bd7 17.Rab1 Rc8 
18.Qa5 Ra8 19.Rfd1 Qc7 20.Ne3 Rec8 21.Nd5 Nxd5 
22.Qxd5+ e6 23.Qxb7 Qxb7 24.Rxb7 Ba4 25.Rg7+ Kh8 
26.Rd6 Rc6 27.Rxa7 Rac8 28.Rd4 Bc2 29.f4 R6xc3 
30.fxe5 fxe5 31.Rdd7 Bxe4 32.Rdxh7+ Kg8 33.Rag7+ 
Kf8 34.Rh8+ 1-0

[Event "HCL-E1530"]
[Site "www.playchess.de"]
[Date "2006.01.11"]
[Round "21"]
[White "XANDERKIRV"]
[Black "Emerson"]
[WhiteElo "1519"]
[BlackElo "1811"]
[PlyCount "67"]
[Result "0-1"]

1.e4 {Hello and good luck.}  e5 {welcome again, I 
have we´ll have an interesting game...}  2.Nf3 Qe7 
3.c3 Nf6 4.d3 h6 5.Be2 d6 6.h3 g5 7.Nh2 Be6 8.Nd2 
Bg7 9.a4 Nbd7 10.Bg4 Nxg4 11.Nxg4 O-O-O 12.a5 Nc5 
13.Nb1 f5 {Hi, I wish you all the best for 2006 
and much fun in chess!
Norbert}  14.b4 {Happy New Year.}  Nb3 15.Ra3 fxg4 
16.Rxb3 Bxb3 17.Qxb3 gxh3 18.Rxh3 g4 19.Rh1 Rdf8 
20.Be3 Kb8 21.Na3 Qf7 22.c4 h5 23.b5 Bh6 24.d4 Qg6 
25.Qd3 Bxe3 26.Qxe3 Rf4 27.f3 gxf3 28.gxf3 Qg3+ 
29.Qf2 Rxf3 30.Qxg3 Rxg3 31.Nb1 Re3+ 32.Kd2 exd4 
33.Rh4 Kc8 34.Kc2 0-1

[Event "HCL-B3808"]
[Site "www.playchess.de"]
[Date "2006.01.11"]
[Round "4"]
[White "dynamike"]
[Black "azary"]
[WhiteElo "1479"]
[BlackElo "1201"]
[PlyCount "84"]
[Result "0-1"]

1.e4 c5 2.Nf3 Nc6 3.d4 cxd4 4.Nxd4 e6 5.Nb5 d6 
6.N1c3 a6 7.Nd4 Nxd4 8.Qxd4 Ne7 9.Be2 Nc6 10.Qd1 
Be7 11.Be3 O-O 12.O-O b5 13.Bf3 Bb7 14.Qe2 b4 
{happy new year gmt}  15.Na4 {thx}  Ne5 16.Rad1 
Nxf3+ {happy new year}  17.Qxf3 Qa5 18.b3 f5 
19.Bb6 Qe5 20.Bd4 Qxe4 21.Qg3 e5 22.Bb2 Bh4 23.Qh3 
Rad8 24.f3 Qe3+ 25.Kh1 Be7 26.Rfe1 Qf2 27.c4 bxc3 
28.Bxc3 Qxa2 29.Rda1 Qxb3 30.Reb1 Qd5 31.Nb6 Qe6 
32.Qg3 f4 33.Qe1 e4 34.Nc4 Bd5 35.Nd2 e3 36.Nf1 
Rdc8 37.Rxa6 e2 38.Ra7 exf1Q+ 39.Qxf1 Rxc3 40.Re1 
Rxf3 41.gxf3 Bxf3+ 42.Kg1 Qg4+ {hoeful mike?} 
 0-1

[Event "HCL-A2507"]
[Site "www.playchess.de"]
[Date "2006.01.11"]
[Round "10"]
[White "Dams"]
[Black "mitke"]
[WhiteElo "1277"]
[BlackElo "1387"]
[PlyCount "77"]
[Result "1-0"]

1.e4 g6 2.Nf3 Bg7 3.d4 d6 4.Bb5+ Bd7 5.Nc3 a6 
6.Bxd7+ Qxd7 7.O-O Nf6 8.Be3 Ng4 9.Qd3 Nc6 10.a3 
O-O 11.Bf4 Rad8 12.h3 Nf6 13.Nd1 e5 14.Bh2 Rfe8 
15.d5 Ne7 16.Nd2 c6 17.c4 cxd5 18.cxd5 b5 19.Kh1 
Nh5 20.Qe3 f5 21.f3 f4 22.Qe1 Nc8 23.b3 Na7 24.Nb2 
Rdc8 25.Qf2 Rc7 26.Rfc1 Rec8 27.Rxc7 Rxc7 28.Nf1 
Qc8 29.Nd3 Nf6 30.Qb6 Nd7 31.Qxd6 Rc3 32.Bg1 Rxd3 
33.Bxa7 Rxb3 34.Kh2 Rc3 35.Nd2 Qc7 36.Qxa6 Rc2 
37.Nb3 Bf8 38.Rc1 Rxc1 39.Nxc1 1-0

[Event "HCL-C3994"]
[Site "www.playchess.de"]
[Date "2006.01.11"]
[Round "12"]
[White "Bumble"]
[Black "Ulpe"]
[WhiteElo "1201"]
[BlackElo "800"]
[PlyCount "54"]
[Result "0-1"]

1.e4 c5 2.Nc3 Nc6 3.Nf3 d6 4.Ng5 Nf6 5.Qf3 h6 
6.Nh3 Bg4 7.Qe3 Nb4 8.Bd3 e6 9.a3 Qa5 10.Bb5+ Nd7 
11.f3 Nxc2+ 12.Kd1 Nxe3+ 13.dxe3 Bxh3 14.gxh3 a6 
15.Bc4 b5 16.Be2 b4 17.Na2 d5 18.Bd2 dxe4 19.Nc1 
Rd8 20.a4 exf3 21.Bxf3 c4 22.Ne2 Ne5 23.Be4 c3 
24.bxc3 bxc3 25.Ke1 Rxd2 26.Kf2 Qd8 27.Rac1 
Qh4+ 0-1

[Event "HCL-B3686"]
[Site "www.playchess.de"]
[Date "2006.01.11"]
[Round "5"]
[White "vangogh"]
[Black "Rambo"]
[WhiteElo "1200"]
[BlackElo "1273"]
[PlyCount "76"]
[Result "1/2-1/2"]

1.d4 d5 2.c4 e6 3.e3 Bb4+ 4.Nc3 Nf6 5.Nf3 O-O 
6.Bd3 Nc6 7.O-O a6 8.a3 Bxc3 9.bxc3 dxc4 10.Bxc4 
b5 11.Bd3 Bb7 12.Rb1 Ne7 13.a4 Ned5 14.Qc2 Nb6 
15.Ne5 Nxa4 16.c4 c6 17.c5 Qc7 18.Bd2 Rad8 19.f4 
g6 20.f5 exf5 21.Bxf5 gxf5 22.Rxf5 Ne8 23.Rh5 f6 
24.Ng4 Rd5 25.Qb3 Kh8 26.Rh6 Nxc5 27.dxc5 Rxd2 
28.Qc3 Qd8 29.Rf1 Rd1 30.Qc2 Rxf1+ 31.Kxf1 Qd7 
32.h3 Qg7 33.Qf5 a5 34.Rh5 b4 35.Kg1 Ba6 36.Ne5 
fxe5 37.Rxh7+ Qxh7 38.Qxf8+ Qg8 {(offering draw)} 
 1/2-1/2

[Event "HCL-A2553"]
[Site "www.playchess.de"]
[Date "2006.01.11"]
[Round "8"]
[White "hal1958"]
[Black "Chas"]
[WhiteElo "1480"]
[BlackElo "1439"]
[PlyCount "106"]
[Result "0-1"]

1.b4 {have a nice game}  e5 {Thank you}  2.Bb2 
Bxb4 3.Bxe5 Nf6 4.e3 d6 5.Bb2 O-O 6.Nf3 Bg4 7.Be2 
Nc6 8.O-O Re8 9.c4 d5 10.cxd5 Qxd5 11.Bxf6 gxf6 
12.h3 Bh5 13.Qb3 Qxb3 14.axb3 Na5 15.Nd4 Bxe2 
16.Nxe2 Nxb3 17.Ra4 a5 18.Rd1 Nc5 19.Ra2 Nd3 
20.Nbc3 Re5 21.f4 Re6 22.Nd5 Bd6 23.g3 Nb4 24.Nxb4 
Bxb4 25.Nd4 Re4 26.Kf2 b6 27.d3 Ree8 28.Nc6 Kg7 
29.Nxb4 axb4 30.Rb2 c5 31.Rc1 Ra3 32.Ke2 Rea8 
33.d4 b3 34.dxc5 bxc5 35.Kf3 Rc8 36.Rc3 c4 37.Ke4 
Ra4 38.g4 Kf8 39.Kf5 Ke7 40.Ke4 Rd8 41.h4 h6 42.g5 
h5 43.Kf3 f5 44.Ke2 Rda8 45.Kf3 Kd6 46.e4 Ke6 
47.Ke3 Rd8 48.e5 Rd1 49.Kf3 Rg1 50.Kf2 Rg4 51.Kf3 
Rxh4 52.Kg3 Rh1 53.Kg2 Rha1 0-1

[Event "HCL-B3705"]
[Site "www.playchess.de"]
[Date "2006.01.11"]
[Round "1"]
[White "The_Iceman75"]
[Black "val2005"]
[WhiteElo "1200"]
[BlackElo "1200"]
[PlyCount "54"]
[Result "0-1"]

1.e4 {Good luck to you!}  c5 {thanks, you too...}  
2.c3 e6 3.d4 Qb6 4.Nf3 d6 5.e5 Nc6 6.Bd3 cxd4 
7.cxd4 dxe5 8.dxe5 Nxe5 9.Nxe5 Qa5+ 10.Nc3 Qxe5+ 
11.Be3 Bd7 12.O-O Bd6 13.g3 Nf6 14.Bf4 Qc5 15.Bxd6 
Qxd6 16.Nb5 Qb6 17.Qe2 a6 18.Nc3 Bc6 19.Rfd1 O-O 
20.Rac1 Rad8 21.Bb1 Qa7 22.Qe5 b5 23.Rd6 Ng4 
24.Bxh7+ Kh8 25.Qf4 Rxd6 26.Qxg4 Kxh7 27.Ne2 
Rfd8 0-1

[Event "HCL-C4032"]
[Site "www.playchess.de"]
[Date "2006.01.11"]
[Round "2"]
[White "ivofle"]
[Black "JULIUS"]
[WhiteElo "790"]
[BlackElo "813"]
[PlyCount "40"]
[Result "0-1"]

1.e4 e5 2.a3 Nf6 3.Nc3 Nc6 4.Bb5 Nd4 5.Bc4 a6 
6.Nh3 d5 7.exd5 Bd6 8.Ng5 O-O 9.O-O Bg4 10.Qe1 
Nxc2 11.Ne6 fxe6 12.d4 Nxe1 13.Rxe1 exd4 14.Na4 b5 
15.Bd3 bxa4 16.b4 Nxd5 17.Re4 Bf5 18.Rxd4 Bxd3 
19.Rxd3 Qh4 20.Kf1 Qxf2+ 0-1

[Event "HCL-C3968"]
[Site "www.playchess.de"]
[Date "2006.01.11"]
[Round "5"]
[White "perugia"]
[Black "tusnelda"]
[WhiteElo "1146"]
[BlackElo "1112"]
[PlyCount "44"]
[Result "0-1"]

1.e4 e5 2.f4 d6 3.g3 exf4 4.Ne2 f3 5.Nf4 Bg4 6.Kf2 
d5 7.d4 dxe4 8.Bc4 Nf6 9.Qe1 Qxd4+ 10.Be3 Qxc4 
11.Nc3 Nc6 12.b3 Qb4 13.a3 Qe7 14.Ncd5 Nxd5 
15.Nxd5 Qd7 16.Rd1 Qc8 17.Bf4 Bd6 18.Nxc7+ Bxc7 
19.Qxe4+ Be6 20.Rd5 O-O 21.Rh5 f5 22.Qe3 
Bb6 0-1

[Event "HCL-B3678"]
[Site "www.playchess.de"]
[Date "2006.01.11"]
[Round "11"]
[White "ppadala"]
[Black "Jeffery_Lau"]
[WhiteElo "1244"]
[BlackElo "1017"]
[PlyCount "29"]
[Result "1-0"]

1.e4 c5 2.d4 Nc6 3.d5 Ne5 4.f4 Ng6 5.Nf3 f6 6.Bc4 
Qa5+ 7.Bd2 Qb6 8.b3 e6 9.O-O Bd6 10.Qe2 Qc7 11.e5 
fxe5 12.fxe5 Nxe5 13.Bc3 Nxf3+ 14.Qxf3 Bxh2+ 
15.Kh1 1-0

[Event "HCL-B3788"]
[Site "www.playchess.de"]
[Date "2006.01.11"]
[Round "10"]
[White "Akkarin"]
[Black "handrej68"]
[WhiteElo "1340"]
[BlackElo "1437"]
[PlyCount "29"]
[Result "1-0"]

1.d3 {Hello from Imardin, Kyralia}  d5 {ciao 
dall'italia.....
}  2.Nd2 Nf6 3.e4 dxe4 4.dxe4 Nc6 5.Ngf3 Bg4 6.Be2 
e6 7.O-O Be7 8.c3 O-O 9.Qc2 Bd6 10.Nc4 Bxf3 
11.Bxf3 Ne5 12.Nxe5 Bxe5 13.Bg5 c6 14.Rad1 Qc7 
15.Bxf6 1-0

[Event "HCL-T255"]
[Site "www.playchess.de"]
[Date "2006.01.11"]
[Round "18"]
[White "gsmaior"]
[Black "stevetilbury"]
[WhiteElo "1975"]
[BlackElo "1545"]
[PlyCount "67"]
[Result "1-0"]

1.e4 e5 2.Nf3 Nc6 3.Bb5 a6 {Hello from London, I 
look forward to an interesting game}  4.Ba4 
{greetings from Brazil, Rio de Janeiro, a nice 
game to you !}  d6 5.c3 f5 6.d4 fxe4 7.Nxe5 dxe5 
8.Qh5+ Ke7 9.Bxc6 bxc6 10.Bg5+ Nf6 11.dxe5 Qd5 
12.Bh4 Kd7 13.Qg5 Ke6 14.exf6 Qxg5 15.Bxg5 gxf6 
16.Be3 Rg8 17.g3 Rb8 18.b3 a5 19.Nd2 f5 20.f3 Ba6 
21.fxe4 fxe4 22.Nxe4 Re8 23.Kf2 Kf5 24.Nc5 Bxc5 
25.Bxc5 Re2+ 26.Kf3 Rd8 27.g4+ Kg6 28.Rhe1 Rdd2 
29.c4 Rdxa2 30.Rxe2 Rxa1 31.Re6+ Kf7 32.Re7+ Kg8 
33.Re8+ Kg7 34.Ra8 1-0

[Event "HCL-B3746"]
[Site "www.playchess.de"]
[Date "2006.01.11"]
[Round "4"]
[White "kadarka"]
[Black "SHOOTER"]
[WhiteElo "1603"]
[BlackElo "1280"]
[PlyCount "29"]
[Result "1-0"]

1.e4 e5 {Good luck.}  2.Nf3 {Good luck too}  Nc6 
3.Bc4 h6 4.c3 Nf6 5.Qc2 Be7 6.O-O O-O 7.d4 exd4 
8.cxd4 d5 9.exd5 Nxd5 10.Nc3 Ncb4 11.Qb3 c6 {Happy 
Holidays!}  12.Ne5 {You too, thanks!}  Be6 13.a3 
Na6 14.Qxb7 Qc8 15.Bxa6 1-0

[Event "HCL-A2458"]
[Site "www.playchess.de"]
[Date "2006.01.11"]
[Round "34"]
[White "tiit145"]
[Black "G501"]
[WhiteElo "1547"]
[BlackElo "1401"]
[PlyCount "33"]
[Result "1-0"]

1.d4 {Hello!}  d5 2.Bd2 Nc6 {Have a good one.}  
3.e3 Nf6 4.Nf3 Bg4 5.Be2 e6 6.Ne5 Bxe2 7.Qxe2 Nxe5 
8.dxe5 Nd7 9.f4 Be7 10.O-O O-O 11.Rf3 f6 12.Nc3 
fxe5 13.Raf1 c6 14.Rh3 e4 15.Qh5 Nf6 16.Qh4 h6 
17.Qg3 1-0

[Event "HCL-C4050"]
[Site "www.playchess.de"]
[Date "2006.01.11"]
[Round "9"]
[White "kolmar"]
[Black "Nitrato"]
[WhiteElo "1501"]
[BlackElo "400"]
[PlyCount "69"]
[Result "1-0"]

1.d4 d5 2.Nf3 f5 3.Bf4 e6 4.Nc3 Bb4 5.Qd2 Nc6 6.a3 
Bxc3 7.Qxc3 Bd7 8.e3 Nf6 9.Bd3 Qe7 10.Bxc7 Rc8 
11.Bg3 Ne5 12.Qb3 Nxf3+ 13.gxf3 O-O 14.Qxb7 Rcb8 
15.Bxb8 Qe8 16.Bxa7 Bc6 17.Qb4 Qa8 18.Bc5 Rb8 
19.Qc3 Nd7 20.Rg1 Bb5 21.Bxb5 Rxb5 22.b4 Qb8 
23.Qb2 e5 24.h4 e4 25.f4 Nf6 26.Qb3 Qa8 27.c4 Rb8 
28.Bd6 Rd8 29.Be7 dxc4 30.Qxc4+ Kh8 31.Bxd8 Qxd8 
32.Qf7 g6 33.Rc1 Nd5 34.h5 gxh5 
35.Qg7+ 1-0

[Event "HCL-B3606"]
[Site "www.playchess.de"]
[Date "2006.01.11"]
[Round "7"]
[White "Concrete_Pluto"]
[Black "ppadala"]
[WhiteElo "1166"]
[BlackElo "1290"]
[PlyCount "72"]
[Result "0-1"]

1.d4 Nf6 2.Nc3 e6 3.a3 d5 4.Bg5 Be7 5.e3 O-O 6.Bd3 
c5 7.dxc5 Bxc5 8.b4 Be7 9.f4 Nc6 10.Nf3 h6 11.Bxf6 
Bxf6 12.Qd2 e5 13.Qe2 e4 14.Nxe4 dxe4 15.Rd1 exd3 
16.Rxd3 Qb6 17.O-O Bg4 18.h3 Bf5 19.Rd5 Be4 20.Rb5 
Qc7 21.Rd1 a6 22.Rc5 Qb6 23.Ne5 Nxe5 24.fxe5 Bg5 
25.Rd4 Bc6 26.e4 Be7 27.Rcc4 Bb5 28.e6 Bxc4 
29.Qxc4 fxe6 30.Kh2 Rac8 31.Qd3 Rf2 32.c4 Rd8 
33.Rxd8+ Qxd8 34.Qg3 Qd4 35.c5 Bf6 36.h4 
Be5 0-1

[Event "HCL-C3921"]
[Site "www.playchess.de"]
[Date "2006.01.11"]
[Round "10"]
[White "rvvillal"]
[Black "surak"]
[WhiteElo "1117"]
[BlackElo "1099"]
[PlyCount "56"]
[Result "0-1"]

1.e4 e6 2.d4 d5 3.Nc3 Bb4 4.Qd3 dxe4 5.Qxe4 Nf6 
6.Qf3 Qxd4 7.Bb5+ c6 8.Nge2 Bxc3+ 9.Qxc3 Qxc3+ 
10.Nxc3 cxb5 11.O-O O-O 12.Re1 Bd7 13.Bf4 Nc6 
14.Rad1 Rad8 15.Nxb5 Nd5 16.Bd6 Rfe8 17.Nc7 Bc8 
18.Nxe8 Rxe8 19.c4 Nf6 20.Bc5 b6 21.Ba3 Na5 22.b3 
Bb7 23.h3 h6 24.g4 Bf3 25.Rd3 Ba8 26.c5 bxc5 
27.Bxc5 Nd5 28.b4 Nc4 0-1

[Event "HCL-B3641"]
[Site "www.playchess.de"]
[Date "2006.01.11"]
[Round "13"]
[White "bossjos"]
[Black "Milosforman"]
[WhiteElo "1341"]
[BlackElo "969"]
[PlyCount "71"]
[Result "1-0"]

1.e4 c5 2.Nf3 d6 3.d4 b6 4.Bb5+ Bd7 5.Bxd7+ Nxd7 
6.dxc5 dxc5 7.O-O e6 8.Nc3 a6 9.Bg5 f6 10.Bh4 Ne7 
11.Qe2 b5 12.Rad1 b4 13.Na4 Qa5 14.b3 Nb6 15.Nxb6 
Qxb6 16.Bg3 e5 17.Rd2 Nc6 18.Rfd1 Rd8 19.Qc4 Rxd2 
20.Rxd2 Na5 21.Qd5 Bd6 22.Qxd6 Qxd6 23.Rxd6 O-O 
24.Rxa6 Nb7 25.h3 Rd8 26.a4 h5 27.Ra7 Nd6 28.a5 
Nxe4 29.a6 g5 30.Rc7 h4 31.Nxe5 fxe5 32.Bxe5 Rd2 
33.a7 Rd1+ 34.Kh2 Nxf2 35.a8Q+ Rd8 
36.Qxd8+ 1-0

[Event "HCL-C4032"]
[Site "www.playchess.de"]
[Date "2006.01.12"]
[Round "9"]
[White "sweendog"]
[Black "ivofle"]
[WhiteElo "734"]
[BlackElo "790"]
[PlyCount "40"]
[Result "0-1"]

1.e4 e5 2.Nf3 Nc6 3.Bd3 Bc5 4.O-O Nf6 5.a4 O-O 
6.c3 d5 7.b4 Nxb4 8.cxb4 Bxb4 9.Nxe5 Bd6 10.Nf3 
Bg4 11.Qb3 Bf4 12.e5 Nh5 13.Qb4 Bxh2+ 14.Nxh2 Qg5 
15.Qxb7 Rae8 16.Nc3 Bh3 17.g3 Nxg3 18.fxg3 Qxg3+ 
19.Kh1 {i believe i might be dead~}  Bg2+ 20.Kg1 
Bf3+ 0-1

[Event "HCL-B3823"]
[Site "www.playchess.de"]
[Date "2006.01.12"]
[Round "4"]
[White "dynamike"]
[Black "PhilipKaveny"]
[WhiteElo "1610"]
[BlackElo "1406"]
[PlyCount "51"]
[Result "1-0"]

1.e4 {hi again, hey, 1406 not 1409 :)}  c5 {Losing 
to you seems to help my Game. But Watch Out these 
next games:)}  2.Nf3 {that's the right spirit ! 
Good luck}  d6 3.d4 cxd4 4.Nxd4 Nc6 5.Be3 Nf6 
6.Nc3 g6 7.h3 Bg7 8.Be2 O-O 9.f4 e5 {Okay  I 
usally play P to A6 by now but lets see what you 
have for an attack}  10.Ndb5 {Attack ? Never done 
something like that :)}  Nd4 11.Nxd4 {one pawn for 
me :)}  exd4 12.Bxd4 Qa5 13.O-O a6 14.e5 dxe5 
15.Bxe5 Be6 16.Bf3 Rfd8 17.Qe2 Nd5 18.Bxg7 Kxg7 
19.Qe5+ Kg8 20.Rad1 Qb6+ 21.Kh1 Ne3 {Well this is 
like a bar fight}  22.Rxd8+ Rxd8 23.Re1 Nf5 24.Kh2 
Qf2 25.Ne4 Nh4 26.Nxf2 1-0

[Event "HCL-B3820"]
[Site "www.playchess.de"]
[Date "2006.01.12"]
[Round "8"]
[White "dynamike"]
[Black "PhilipKaveny"]
[WhiteElo "1610"]
[BlackElo "1406"]
[PlyCount "45"]
[Result "1-0"]

1.e4 c5 {Vat is Los Two Blacks}  2.Nf3 {sequence 
of "enroll", I was first :-)}  d6 {Heh Heh}  3.d4 
cxd4 4.Nxd4 Nc6 5.Nc3 Nf6 6.h3 a6 {How much 
opening theory do you know}  7.Be3 {just one :) 
dont know 40 ... but not really good}  g6 8.Be2 
Bg7 9.f4 O-O 10.O-O Nxd4 11.Bxd4 Qa5 12.e5 dxe5 
13.Bxe5 Be6 14.Bf3 Rad8 15.Qe2 Qb6+ 16.Kh1 Nd5 
17.Bxg7 Kxg7 18.Nxd5 Rxd5 19.Bxd5 Bxd5 20.Qe5+ Kg8 
21.Qxd5 Qxb2 22.Rab1 Qxc2 23.Rxb7 1-0

[Event "HCL-A2505"]
[Site "www.playchess.de"]
[Date "2006.01.12"]
[Round "5"]
[White "kali"]
[Black "PhilipKaveny"]
[WhiteElo "1449"]
[BlackElo "1354"]
[PlyCount "54"]
[Result "1-0"]

1.e4 g6 2.d4 Bg7 3.c4 d6 4.f4 Nf6 5.Nc3 e5 6.dxe5 
Nh5 7.exd6 Qh4+ 8.g3 Bxc3+ 9.bxc3 Qd8 10.c5 cxd6 
11.Qxd6 Qxd6 12.cxd6 O-O 13.e5 Be6 14.Nf3 Nd7 
15.Bg2 Rac8 16.Bd2 f6 17.Nd4 Bc4 18.e6 Bxe6 
19.Nxe6 Rfe8 20.O-O Rxe6 21.Bxb7 Rxd6 22.Bxc8 Rxd2 
23.Rfe1 Nc5 24.Rab1 g5 25.fxg5 Rxa2 26.Re7 fxg5 
27.Rb8 Ra1+ 1-0

[Event "HCL-B3820"]
[Site "www.playchess.de"]
[Date "2006.01.12"]
[Round "20"]
[White "Skipper_Robert"]
[Black "PhilipKaveny"]
[WhiteElo "973"]
[BlackElo "1406"]
[PlyCount "86"]
[Result "1-0"]

1.d4 {hello again}  d5 {Hello to you also}  2.Nc3 
Nf6 3.e3 c6 {Thank You for not playing the ruy 
Lopez}  4.Bd3 e6 5.h3 Bd6 6.Nf3 O-O 7.Ng5 h6 8.Nf3 
c5 9.b3 a6 10.O-O b5 11.a3 c4 12.bxc4 dxc4 13.Be4 
Nxe4 14.Nxe4 Bb7 15.Nc3 Bxf3 16.Qxf3 Nd7 17.Ne4 
Be7 18.Rd1 f5 19.Ng3 Qe8 20.Bb2 Rc8 21.d5 c3 
22.Bc1 Ne5 23.Qe2 exd5 24.Rxd5 Rc5 25.Qd1 Qf7 {I 
Lose this Game}  26.Rxc5 {I don´t think so!}  Bxc5 
27.e4 f4 28.Nf5 f3 29.gxf3 Qg6+ 30.Kf1 Qe6 31.f4 
Qc4+ 32.Kg1 Nf7 33.Qg4 Bd4 34.Be3 Bf6 35.Rd1 Qxe4 
36.Rc1 g5 37.h4 Kh7 38.hxg5 Bxg5 39.f3 Qe6 40.fxg5 
Rg8 41.f4 hxg5 42.Qh5+ Nh6 43.fxg5 
Qxf5 1-0

[Event "HCL-B3812"]
[Site "www.playchess.de"]
[Date "2006.01.12"]
[Round "7"]
[White "PhilipKaveny"]
[Black "Crusaders"]
[WhiteElo "1372"]
[BlackElo "1500"]
[PlyCount "57"]
[Result "0-1"]

1.e4 d5 2.exd5 Qxd5 3.Nc3 Qa5 4.d4 c6 5.Nf3 Bg4 
6.Be2 Nf6 7.O-O e6 8.h3 Bh5 9.Ne5 Bxe2 10.Qxe2 Bd6 
11.f4 Nbd7 {HAPPY NEW YEAR 2006 Best regards Dirk} 
 12.Bd2 {You Too My friend  I enjoy the fellowship 
of these games win or lose}  Qb6 {I enjoy this 
game , too ! I hope it won`t be our last ! In 6 
Hours we will celebrate New Years here in Germany 
! Best regards Dirk}  13.Be3 {Yes we live in Eau 
Claire WI in the Great Lakes region of The United 
States}  O-O {We live here in Cologne}  14.Na4 {My 
Great Great GrandMother was born there and her 
Grandmother also in 1782 :)}  Qa5 {Have you been 
in cologne yet ? (My lastmove for this Year ;-)}  
15.b3 {No I have been To The UK ten times, but 
never to Europe}  Rad8 {Hello - We have now 2006 ! 
Happy New Year}  16.c4 Ne4 17.Bf2 {Yes I most 
happy new year to you  and now I must avoid the 
New years fork I started the new year with a 
wonderful dream}  Ndf6 {Maybe in the future you 
find the time to visit europe exspecialy Germany. 
We have some nice places around here.}  18.Be1 
{Yes we hope to visit frinds  in Beligum  this 
summer}  Qc7 {Maybe you come and visit cologne 
too, because it`s not so far away.}  19.Bh4 {Sure 
do the have cafes where you can play chess}  b6 {I 
don`t know (cafes for chess)}  20.Bxf6 Nxf6 
21.Rad1 c5 22.d5 exd5 23.cxd5 Bxe5 24.fxe5 Nxd5 
25.e6 {You be very carefull here  my friend}  Nf4 
26.exf7+ {Indeed  (:}  Qxf7 {Very nice game ;-)}  
27.Qf3 Rxd1 28.Qxd1 Qg6 29.Qg4 0-1

[Event "HCL-B3804"]
[Site "www.playchess.de"]
[Date "2006.01.12"]
[Round "17"]
[White "PhilipKaveny"]
[Black "Snillie"]
[WhiteElo "1372"]
[BlackElo "1479"]
[PlyCount "79"]
[Result "0-1"]

1.e4 d6 2.d4 Nf6 3.Nc3 g6 4.h3 Bg7 5.Nf3 O-O 6.Bd3 
Nbd7 7.Be3 e5 8.d5 c6 9.dxc6 bxc6 10.Qd2 Nb6 
11.Bh6 Qe7 12.Bxg7 Kxg7 13.O-O-O Be6 14.Ng5 Bc4 
15.b3 Bxd3 16.cxd3 d5 17.h4 h5 18.f3 d4 19.Ne2 {I  
played a game very much like this last night and 
won with  black --For me thank god the C file is 
not open yet}  a5 20.g4 a4 21.gxh5 Nxh5 22.b4 c5 
23.f4 cxb4 24.f5 b3 25.f6+ Nxf6 26.h5 Qa3+ 27.Qb2 
Rfc8+ 28.Kb1 Qxb2+ 29.Kxb2 Rc2+ 30.Ka3 Rxa2+ 
31.Kb4 Rxe2 32.h6+ Kf8 33.h7 Nxh7 34.Nxh7+ Ke7 
35.Rdc1 Rc8 36.Rxc8 Nxc8 37.Kxa4 b2 38.Kb3 Nd6 
39.Ng5 Nb7 40.Rb1 0-1

[Event "HCL-E1531"]
[Site "www.playchess.de"]
[Date "2006.01.12"]
[Round "1"]
[White "ArieAdria"]
[Black "cubs"]
[WhiteElo "1848"]
[BlackElo "1741"]
[PlyCount "64"]
[Result "0-1"]

1.e4 e5 2.Nf3 Nc6 3.Bc4 Bc5 4.c3 Bb6 5.d4 Qe7 
6.O-O d6 7.d5 Nd8 8.Nbd2 Nf6 9.b4 c6 10.dxc6 bxc6 
11.a4 O-O 12.a5 Bc7 13.Re1 d5 14.exd5 cxd5 15.Bf1 
Nc6 16.Nb3 Re8 17.b5 Nb8 18.Bg5 Nbd7 19.Bxf6 Nxf6 
20.c4 dxc4 21.Nbd4 Qc5 22.Nc6 Bb7 23.Ncxe5 Bxe5 
24.Nxe5 Rxe5 25.Rxe5 Qxe5 26.Bxc4 Ng4 27.g3 Qe4 
28.f3 Qe3+ 29.Kg2 Qf2+ 30.Kh3 Bxf3 31.Qg1 Qd2 
32.Rf1 Qh6+ 0-1